Vision Based Intelligent Vehicle Control / (Record no. 603316)

000 -LEADER
fixed length control field 00740nam a22001817a 4500
003 - CONTROL NUMBER IDENTIFIER
control field NUST
040 ## - CATALOGING SOURCE
Original cataloging agency 0
082 ## - DEWEY DECIMAL CLASSIFICATION NUMBER
Classification number 621.382,YOU
100 ## - MAIN ENTRY--PERSONAL NAME
Personal name Yousaf, Savera
245 ## - TITLE STATEMENT
Title Vision Based Intelligent Vehicle Control /
Statement of responsibility, etc. Savera Yousaf, Zoha Ali Kayani, Muhammad Talha Khalid and Hassaan Bin Nadeem. (TCC-31 / BETE-56)
264 ## - PRODUCTION, PUBLICATION, DISTRIBUTION, MANUFACTURE, AND COPYRIGHT NOTICE
Place of production, publication, distribution, manufacture Rawalpindi
Name of producer, publisher, distributor, manufacturer MCS (NUST)
Date of production, publication, distribution, manufacture, or copyright notice 2023
300 ## - PHYSICAL DESCRIPTION
Extent 64 p.;
505 ## - FORMATTED CONTENTS NOTE
Formatted contents note Introduction (Page-1), Literature Review (Page-13), Technical Specifications (Page-17), Proposed Solution (Page-29), Results (Page-41), Conclusion and Future Work (Page-49).
650 ## - SUBJECT ADDED ENTRY--TOPICAL TERM
Topical term or geographic name entry element UG EE Project
690 ## - LOCAL SUBJECT ADDED ENTRY--TOPICAL TERM (OCLC, RLIN)
Topical term or geographic name as entry element TCC-31 / BETE-56
700 ## - ADDED ENTRY--PERSONAL NAME
Personal name Supervised by Dr. Ata Ur Rehman
942 ## - ADDED ENTRY ELEMENTS (KOHA)
Source of classification or shelving scheme
Koha item type Project Report
Holdings
Withdrawn status Permanent Location Current Location Shelving location Date acquired Full call number Barcode Koha item type
  Military College of Signals (MCS) Military College of Signals (MCS) General Stacks 10/04/2023 621.382,YOU MCSPTC-459 Project Report
© 2023 Central Library, National University of Sciences and Technology. All Rights Reserved.